Normal view MARC view

Entry Personal Name

Number of records used in: 1

001 - CONTROL NUMBER

  • control field: 31064

003 - CONTROL NUMBER IDENTIFIER

  • control field: MY-SjTCS

005 - DATE AND TIME OF LATEST TRANSACTION

  • control field: 20191205122730.0

008 - FIXED-LENGTH DATA ELEMENTS

  • fixed length control field: 090116nn acnnna||n a aaa d

039 #9 -

  • : 200901161210
  • : shuhada
  • : 200901161208
  • : shuhada

040 ## - CATALOGING SOURCE

  • Original cataloging agency: VRT
  • Transcribing agency: VRT

100 1# - HEADING--PERSONAL NAME

  • Personal name: Lanza, Alessandro

670 ## - SOURCE DATA FOUND

  • Source citation: Tourism and sustainable economic development, c2008:
  • Information found: t.p. (edited by Rinaldo Brau, Alessandro Lanza, Stefano Usai)

999 ## -

  • : VIRTUA4 x

999 ## -

  • : VTLSSORT0080*0400*1000*6700*9991